00552nam a2200169Ia 4500008004100000020001500041041000800056082001800064100001900082245005200101250000600153260003700159300000800196650002900204999001900233952013000252210716s2002 xx 000 0 und d a817722090X aeng a004.6005 AUSB aAustin, Brian. aWeb page design: in easy steps.bIn easy steps. a1 aNew DelhibDreamtech Pressc2002 a186 aWeb Design & Development c186557d186557 001040708MCAaAIMITbAIMITeSita Book Houseg79.00l0o004.6005 AUSBpMCA06065r2025-07-21 00:00:00v59.25w2021-07-16yBK